[Event "San Francisco TNM Winter op"]
[Site "San Francisco"]
[Date "2014.02.25"]
[Round "8"]
[White "LaCounte, Brendan A"]
[Black "Ostrovsky, Sergey"]
[Result "0-1"]
[WhiteElo "1969"]
[BlackElo "1885"]
[PlyCount "102"]
[EventDate "2014.01.07"]
[EventType "swiss"]
[EventRounds "8"]
[EventCountry "USA"]
[SourceTitle "EXT 2016"]
[Source "ChessBase"]
[SourceDate "2015.10.08"]
[SourceVersion "1"]
[SourceVersionDate "2015.10.08"]
[SourceQuality "1"]

1. Nf3 d5 2. b3 c5 3. Bb2 Nc6 4. e3 f6 5. d4 cxd4 6. exd4 Nh6 7. Bd3 Nb4 8. Bb5+ Bd7 9. Bxd7+ Qxd7 10. Qe2 e6 11. 0-0 Rc8 12. c3 Nc6 13. Re1 Kf7 14. Nbd2 Bd6 15. Rac1 Rhe8 16. c4 Kg8 17. c5 Bb8 18. a3 a6 19. b4 Nf7 20. Rc3 Bf4 21. g3 Bh6 22. Rd3 Rcd8 23. Nf1 e5 24. dxe5 Qe6 25. Nd4 Qxe5 26. Qxe5 Nfxe5 27. Rxe5 fxe5 28. Nf5 d4 29. Nd6 Re7 30. Nf5 Re6 31. Nxh6+ Rxh6 32. Nd2 Ne7 33. Ne4 b6 34. Bc1 Rc6 35. Bg5 Rd7 36. cxb6 Rxb6 37. Nc5 Rc7 38. Rd1 h6 39. Bd2 Nd5 40. Re1 Re7 41. Re4 Kf7 42. f4 Nc3 43. Bxc3 dxc3 44. fxe5 c2 45. Rc4 Rxe5 46. Rxc2 Re3 47. Na4 Rd6 48. Rc7+ Kg6 49. Nc3 Rdd3 50. Rc6+ Kh7 51. Nb1 Re1+ 0-1

[Event "San Francisco TNM Winter op"]
[Site "San Francisco"]
[Date "2014.01.14"]
[Round "2"]
[White "LaCounte, Brendan A"]
[Black "Bachseitz, Martin"]
[Result "1/2-1/2"]
[WhiteElo "1969"]
[BlackElo "1717"]
[PlyCount "94"]
[EventDate "2014.01.07"]
[EventType "swiss"]
[EventRounds "8"]
[EventCountry "USA"]
[SourceTitle "EXT 2016"]
[Source "ChessBase"]
[SourceDate "2015.10.08"]
[SourceVersion "1"]
[SourceVersionDate "2015.10.08"]
[SourceQuality "1"]

1. d4 d5 2. Nf3 Nf6 3. Bf4 c5 4. e3 Nc6 5. c3 Qb6 6. Qb3 c4 7. Qxb6 axb6 8. Na3 Ra5 9. Bc7 Nd7 10. Be2 e6 11. Nc2 Be7 12. e4 0-0 13. 0-0 Ncb8 14. Ne3 Na6 15. Bf4 Nf6 16. exd5 Nxd5 17. Bg3 b5 18. Nxd5 exd5 19. a3 Bf5 20. Rfe1 Be6 21. Nd2 Nb8 22. Bf3 Nc6 23. Nf1 Ra6 24. Ne3 Rd8 25. Bg4 Bxg4 26. Nxg4 Kf8 27. Ne3 Bd6 28. Bh4 Be7 29. Bg3 Bd6 30. Bh4 Be7 31. Nf5 Bxh4 32. Nxh4 Rda8 33. Rad1 g6 34. Re3 Re8 35. Rde1 Rxe3 36. Rxe3 b4 37. cxb4 Nxd4 38. Kf1 Re6 39. g3 g5 40. Ng2 Nb3 41. Rxe6 fxe6 42. Ne3 Kf7 43. Ke1 Kf6 44. a4 Ke5 45. Ng4+ Kf5 46. Ne3+ Ke4 47. Ng4 Kf5 1/2-1/2

[Event "San Francisco TNM Fall op"]
[Site "San Francisco"]
[Date "2013.12.17"]
[Round "9"]
[White "Tsodikova, Natalia"]
[Black "LaCounte, Brendan A"]
[Result "1-0"]
[WhiteElo "2234"]
[BlackElo "1921"]
[PlyCount "93"]
[EventDate "2013.10.22"]
[EventType "swiss"]
[EventRounds "9"]
[EventCountry "USA"]
[SourceTitle "EXT 2016"]
[Source "ChessBase"]
[SourceDate "2015.10.08"]
[SourceVersion "1"]
[SourceVersionDate "2015.10.08"]
[SourceQuality "1"]

1. d4 d5 2. Bf4 Nf6 3. e3 c5 4. c3 Nc6 5. Nf3 Qb6 6. Qc1 Bf5 7. Nbd2 e6 8. Be2 Nh5 9. Bg3 Nxg3 10. hxg3 h6 11. a4 a6 12. dxc5 Bxc5 13. b4 Bd6 14. b5 Ne5 15. 0-0 Nd3 16. Qd1 Rc8 17. Nd4 Bg6 18. a5 Qc7 19. Nb1 Nb2 20. Qc1 Nc4 21. Nd2 e5 22. Nxc4 dxc4 23. b6 Qd7 24. Nf3 0-0 25. Rd1 Qe6 26. Ra4 Rfd8 27. Rd2 Be7 28. Rxd8+ Bxd8 29. Qf1 Bd3 30. Bxd3 cxd3 31. Qxd3 Qc6 32. Nxe5 Qxa4 33. Qf5 Rc6 34. Qxf7+ Kh7 35. Qf5+ Kg8 36. Qf7+ Kh7 37. Qf5+ Kg8 38. Nxc6 Qxc6 39. Qd3 Bf6 40. c4 Qa4 41. Qd5+ Kh7 42. f4 Qa1+ 43. Kh2 Bc3 44. Qxb7 Qxa5 45. Qe4+ Kg8 46. Qe8+ Kh7 47. b7 1-0

[Event "San Francisco TNM Fall op"]
[Site "San Francisco"]
[Date "2013.10.29"]
[Round "2"]
[White "LaCounte, Brendan A"]
[Black "Ivanov, Aleksandr Y"]
[Result "1-0"]
[WhiteElo "1921"]
[BlackElo "2103"]
[PlyCount "89"]
[EventDate "2013.10.22"]
[EventType "swiss"]
[EventRounds "9"]
[EventCountry "USA"]
[SourceTitle "EXT 2016"]
[Source "ChessBase"]
[SourceDate "2015.10.08"]
[SourceVersion "1"]
[SourceVersionDate "2015.10.08"]
[SourceQuality "1"]

1. Nf3 Nf6 2. b3 c5 3. Bb2 Nc6 4. e3 d5 5. Bb5 Bg4 6. h3 Bh5 7. g4 Bg6 8. Ne5 Qc7 9. Bxc6+ bxc6 10. d3 Nd7 11. f4 e6 12. Nd2 f6 13. Nxd7 Kxd7 14. Qf3 Bd6 15. Rg1 a5 16. a4 Rab8 17. g5 Rhf8 18. 0-0-0 Kc8 19. Rdf1 Kb7 20. h4 Qf7 21. Qg3 Rbd8 22. Nf3 Bh5 23. gxf6 gxf6 24. Qg7 Kb6 25. Qxf7 Rxf7 26. Rg3 Rdd7 27. Rfg1 d4 28. Kd2 e5 29. fxe5 fxe5 30. Ng5 Rf2+ 31. Kc1 e4 32. Nxe4 Bxg3 33. Nxg3 Bf3 34. Nf5 dxe3 35. Nxe3 Re7 36. Nc4+ Kc7 37. Bc3 h5 38. Bxa5+ Kb7 39. Bb6 Rg2 40. Rf1 Bd5 41. Bxc5 Ree2 42. Ne3 Rh2 43. Rf4 Be6 44. Rb4+ Kc8 45. a5 1-0

[Event "San Francisco TNM Fall op"]
[Site "San Francisco"]
[Date "2013.10.22"]
[Round "1"]
[White "Hilliard, Michael"]
[Black "LaCounte, Brendan A"]
[Result "0-1"]
[WhiteElo "1400"]
[BlackElo "1921"]
[PlyCount "76"]
[EventDate "2013.10.22"]
[EventType "swiss"]
[EventRounds "9"]
[EventCountry "USA"]
[SourceTitle "EXT 2016"]
[Source "ChessBase"]
[SourceDate "2015.10.08"]
[SourceVersion "1"]
[SourceVersionDate "2015.10.08"]
[SourceQuality "1"]

1. e4 c5 2. Bc4 e6 3. Nc3 Nc6 4. Nf3 d6 5. b3 Nf6 6. Bb2 Be7 7. 0-0 0-0 8. Re1 Nd7 9. d4 cxd4 10. Nxd4 Nde5 11. Be2 Nxd4 12. Qxd4 Bf6 13. Qd2 Qb6 14. Rad1 Rd8 15. Na4 Qc7 16. c4 Be7 17. f4 Nd7 18. Qe3 Nc5 19. Qg3 Bf8 20. Nxc5 dxc5 21. Qg5 Bd7 22. Be5 Qa5 23. a4 Bc6 24. Bf3 Rd3 25. Qg3 Rxb3 26. Rd6 Kh8 27. Red1 Bxe4 28. Bxg7+ Bxg7 29. Qg5 f6 30. Qg3 Bg6 31. Rd7 Rg8 32. f5 Bxf5 33. Rf7 Rb1 34. h3 Qd2 35. Rxb1 Qe3+ 36. Kh2 Bxb1 37. Qc7 f5 38. Qe7 Be5+ 0-1

[Event "San Francisco TNM Fall op"]
[Site "San Francisco"]
[Date "2012.12.11"]
[Round "9"]
[White "Steigum, Erling"]
[Black "LaCounte, Brendan A"]
[Result "0-1"]
[WhiteElo "1988"]
[BlackElo "1924"]
[PlyCount "98"]
[EventDate "2012.10.16"]
[EventType "swiss"]
[EventRounds "9"]
[EventCountry "USA"]
[SourceTitle "EXT 2014"]
[Source "ChessBase"]
[SourceDate "2013.11.20"]
[SourceVersion "1"]
[SourceVersionDate "2013.11.20"]
[SourceQuality "1"]

1. d4 e6 2. c4 d5 3. Nc3 Nf6 4. Nf3 Be7 5. Bf4 Nh5 6. e3 Nxf4 7. exf4 dxc4 8. Bxc4 Nd7 9. 0-0 0-0 10. Re1 Nb6 11. Bd3 Bd7 12. Qc2 g6 13. Be4 c6 14. g3 Nd5 15. a3 Bf6 16. h4 Kg7 17. Ne5 Ne7 18. Rad1 Nf5 19. Qd3 Be7 20. Qe2 Rc8 21. h5 f6 22. hxg6 fxe5 23. Bxf5 exf5 24. dxe5 Qc7 25. gxh7 Rh8 26. Qh5 Rxh7 27. Qf3 Be6 28. Kg2 Rch8 29. Rh1 Rxh1 30. Rxh1 Rxh1 31. Kxh1 Qd7 32. Qe3 b6 33. Kg1 Bc5 34. Qe2 Kg6 35. Kg2 Bd4 36. Qd3 Bxc3 37. Qxd7 Bxd7 38. bxc3 c5 39. f3 Kh5 40. Kf2 b5 41. Ke3 a5 42. Kd3 Bc6 43. Ke3 Bd5 44. Ke2 b4 45. cxb4 cxb4 46. axb4 axb4 47. Kd3 Bxf3 48. Kd4 b3 49. e6 b2 0-1

[Event "San Francisco TNM Fall op"]
[Site "San Francisco"]
[Date "2012.11.06"]
[Round "4"]
[White "Davis, Joe P"]
[Black "LaCounte, Brendan A"]
[Result "0-1"]
[WhiteElo "1786"]
[BlackElo "1924"]
[PlyCount "94"]
[EventDate "2012.10.16"]
[EventType "swiss"]
[EventRounds "9"]
[EventCountry "USA"]
[SourceTitle "EXT 2014"]
[Source "ChessBase"]
[SourceDate "2013.11.20"]
[SourceVersion "1"]
[SourceVersionDate "2013.11.20"]
[SourceQuality "1"]

1. e4 e6 2. d4 d5 3. Nc3 Nf6 4. e5 Nfd7 5. f4 c5 6. Nf3 Nc6 7. Be3 Qb6 8. Na4 Qa5+ 9. c3 cxd4 10. b4 Nxb4 11. cxb4 Bxb4+ 12. Bd2 b5 13. Nb2 Qa3 14. Bxb4 Qxb4+ 15. Qd2 Qc5 16. Qxd4 Qc6 17. Nd3 Nb6 18. Nb4 Qd7 19. Qc5 Nc4 20. Bxc4 bxc4 21. Nd4 Bb7 22. Nb5 Kd8 23. Nd6 Qc7 24. Qxc7+ Kxc7 25. 0-0 Rhf8 26. Rab1 a5 27. Nxb7 axb4 28. Nd6 Ra4 29. Rb2 f6 30. Rfb1 Rb8 31. Kf1 Kc6 32. Ke2 Kc5 33. Kd1 c3 34. Rc2 fxe5 35. fxe5 Rf8 36. Ke2 Kd4 37. a3 Kxe5 38. Nb5 d4 39. Rxb4 Rxb4 40. axb4 Rb8 41. Nxc3 dxc3 42. Rxc3 Rxb4 43. Rc7 Kf6 44. Rc8 h6 45. Rf8+ Ke7 46. Rg8 Kf7 47. Rc8 Kg6 0-1

[Event "San Francisco TNM Fall op"]
[Site "San Francisco"]
[Date "2012.10.30"]
[Round "3"]
[White "LaCounte, Brendan A"]
[Black "Rood, Ben"]
[Result "1-0"]
[WhiteElo "1924"]
[BlackElo "1700"]
[PlyCount "73"]
[EventDate "2012.10.16"]
[EventType "swiss"]
[EventRounds "9"]
[EventCountry "USA"]
[SourceTitle "EXT 2014"]
[Source "ChessBase"]
[SourceDate "2013.11.20"]
[SourceVersion "1"]
[SourceVersionDate "2013.11.20"]
[SourceQuality "1"]

1. d4 d5 2. Nf3 Nf6 3. Bf4 e6 4. e3 Bd6 5. Bg3 Nc6 6. Nbd2 Bxg3 7. hxg3 Bd7 8. Bb5 Qe7 9. c3 a6 10. Bxc6 Bxc6 11. Ne5 Bd7 12. Qf3 0-0-0 13. a4 Rdg8 14. Nb3 g5 15. Nc5 Rg7 16. Rh6 Ne4 17. Nexd7 Nxc5 18. Nxc5 Rg6 19. Rxg6 hxg6 20. Kd2 f5 21. g4 Rh4 22. gxf5 gxf5 23. g3 g4 24. Qf4 Rh2 25. Ke2 Rh3 26. b4 Qf6 27. Qe5 Qxe5 28. dxe5 Rh6 29. b5 a5 30. Rg1 b6 31. Nd3 Kd7 32. Kf1 c6 33. Kg2 cxb5 34. axb5 Kc7 35. Rh1 Rg6 36. Rh7+ Kb8 37. Nf4 1-0

[Event "San Francisco TNM Marathon op"]
[Site "San Francisco"]
[Date "2012.08.14"]
[Round "3"]
[White "Anderson, Michael Gene"]
[Black "LaCounte, Brendan A"]
[Result "1-0"]
[WhiteElo "1905"]
[BlackElo "1817"]
[PlyCount "45"]
[EventDate "2012.07.31"]
[EventType "swiss"]
[EventRounds "9"]
[EventCountry "USA"]
[SourceTitle "EXT 2014"]
[Source "ChessBase"]
[SourceDate "2013.11.20"]
[SourceVersion "1"]
[SourceVersionDate "2013.11.20"]
[SourceQuality "1"]

1. e4 c5 2. d4 cxd4 3. c3 d3 4. Bxd3 Nc6 5. f4 Qb6 6. Qe2 e6 7. b4 Nf6 8. Be3 Qc7 9. Nh3 b6 10. 0-0 Bb7 11. Na3 a6 12. Nc4 b5 13. Bb6 Qc8 14. Ne5 d6 15. Nxf7 Kxf7 16. e5 Nd5 17. Qh5+ Ke7 18. Ng5 Qe8 19. Qh3 Qd7 20. exd6+ Ke8 21. Qh5+ g6 22. Bxg6+ hxg6 23. Qxg6+ 1-0

[Event "San Francisco TNM Summer op"]
[Site "San Francisco"]
[Date "2012.06.05"]
[Round "3"]
[White "LaCounte, Brendan A"]
[Black "Zhao, Art"]
[Result "1-0"]
[WhiteElo "1772"]
[BlackElo "2004"]
[PlyCount "87"]
[EventDate "2012.05.22"]
[EventType "swiss"]
[EventRounds "8"]
[EventCountry "USA"]
[SourceTitle "EXT 2014"]
[Source "ChessBase"]
[SourceDate "2013.11.20"]
[SourceVersion "1"]
[SourceVersionDate "2013.11.20"]
[SourceQuality "1"]

1. d4 d5 2. Nf3 Nf6 3. Bg5 e6 4. e3 c5 5. c3 Nc6 6. Bd3 Be7 7. Nbd2 0-0 8. 0-0 a6 9. Re1 h6 10. Bh4 c4 11. Bc2 b5 12. e4 b4 13. cxb4 Nxb4 14. exd5 exd5 15. Ne5 Qc7 16. Ba4 Bf5 17. Ndf3 Bd6 18. a3 Nd3 19. Nxd3 Bxd3 20. Bxf6 gxf6 21. Bc2 Bxc2 22. Qxc2 Qd7 23. Nh4 Qg4 24. Nf5 Bf4 25. f3 Bxh2+ 26. Kxh2 Qf4+ 27. g3 Qxf3 28. Rf1 Qh5+ 29. Kg2 Rae8 30. Rae1 Qg5 31. Rh1 h5 32. Ne7+ Kg7 33. Nf5+ Kg8 34. Ne7+ Kg7 35. Rh4 a5 36. Nf5+ Kg8 37. Reh1 Re2+ 38. Qxe2 Qxf5 39. Rxh5 Qe4+ 40. Qxe4 dxe4 41. Rh8+ Kg7 42. R1h7+ Kg6 43. Rxf8 Kxh7 44. Rxf7+ 1-0

[Event "San Francisco TNM Fall op"]
[Site "San Francisco"]
[Date "2011.12.06"]
[Round "8"]
[White "LaCounte, Brendan A"]
[Black "Campers, William"]
[Result "1-0"]
[WhiteElo "1686"]
[BlackElo "1748"]
[PlyCount "131"]
[EventDate "2011.10.18"]
[EventType "swiss"]
[EventRounds "9"]
[EventCountry "USA"]
[SourceTitle "EXT 2016"]
[Source "ChessBase"]
[SourceDate "2015.10.08"]
[SourceVersion "1"]
[SourceVersionDate "2015.10.08"]
[SourceQuality "1"]

1. c4 c5 2. Nc3 Nc6 3. Nf3 Nf6 4. e3 g6 5. d4 cxd4 6. exd4 Bg7 7. Be2 0-0 8. d5 Nb4 9. a3 Na6 10. d6 exd6 11. Qxd6 b6 12. 0-0 Bb7 13. Be3 Re8 14. Rad1 Re6 15. Qd2 Qe8 16. Nd4 Rd6 17. Ncb5 Ne4 18. Qc2 Rf6 19. f3 Ng3 20. Bg5 Nxf1 21. Kxf1 Qe5 22. Bxf6 Bxf6 23. g3 Nc5 24. f4 Qe3 25. Qd2 Qe7 26. Bf3 d6 27. Bxb7 Qxb7 28. Qg2 Qxg2+ 29. Kxg2 a6 30. Nc7 Rc8 31. Nd5 Bd8 32. f5 Kf8 33. Rf1 Nd3 34. b3 Rc5 35. fxg6 hxg6 36. Ne6+ Ke8 37. Nxc5 Nxc5 38. b4 Nd7 39. Re1+ Ne5 40. c5 bxc5 41. bxc5 Kd7 42. cxd6 Kxd6 43. Nb4 a5 44. Rxe5 axb4 45. Re3 bxa3 46. Rxa3 Be7 47. Re3 Bg5 48. Re2 Bf6 49. Kf3 Be5 50. Ke4 Ke6 51. Ra2 f5+ 52. Kf3 Kf6 53. h4 Kg7 54. Ra5 Bd6 55. Rd5 Bb8 56. h5 Kh6 57. Rb5 Bc7 58. Rb7 Be5 59. hxg6 Kxg6 60. Rb6+ Kg5 61. Re6 Bb8 62. Re8 Bc7 63. Rg8+ Kf6 64. Rf8+ Kg6 65. Kg2 Be5 66. Kh3 1-0

[Event "San Francisco TNM Fall op"]
[Site "San Francisco"]
[Date "2011.10.25"]
[Round "2"]
[White "Jones, James"]
[Black "LaCounte, Brendan A"]
[Result "0-1"]
[WhiteElo "2093"]
[BlackElo "1686"]
[PlyCount "108"]
[EventDate "2011.10.18"]
[EventType "swiss"]
[EventRounds "9"]
[EventCountry "USA"]
[SourceTitle "EXT 2016"]
[Source "ChessBase"]
[SourceDate "2015.10.08"]
[SourceVersion "1"]
[SourceVersionDate "2015.10.08"]
[SourceQuality "1"]

1. e4 c5 2. Nf3 e6 3. d4 cxd4 4. c3 dxc3 5. Nxc3 Nc6 6. Bc4 Nf6 7. 0-0 Qc7 8. Qe2 Ng4 9. g3 Nge5 10. Bf4 Nxf3+ 11. Qxf3 Ne5 12. Qh5 Qxc4 13. Qxe5 d6 14. Qb5+ Qc6 15. Rac1 Be7 16. Qh5 Qb6 17. Be3 Qxb2 18. Nb5 0-0 19. Nc7 Bd7 20. Nxa8 Rxa8 21. Rc7 g6 22. Qa5 Bd8 23. Qc3 Qxc3 24. Rxc3 Bc6 25. f3 Bf6 26. Rcc1 a6 27. Rfd1 d5 28. exd5 Bxd5 29. Rc7 Kf8 30. Kf2 Bc6 31. Rb1 Ke8 32. h4 Be5 33. Rxc6 bxc6 34. f4 Bd6 35. Rb6 Kd7 36. Rb7+ Ke8 37. Rb6 Kd7 38. Rb7+ Bc7 39. Bb6 Rc8 40. Ra7 Kd6 41. Rxa6 Bxb6+ 42. Rxb6 Kc7 43. Ra6 Kb7 44. Ra3 c5 45. Ke3 Rd8 46. Rd3 Rd5 47. a4 Kb6 48. Rb3+ Ka6 49. Rb8 c4 50. g4 Rc5 51. Kd4 Rc7 52. Kc3 Ka5 53. Ra8+ Kb6 54. Rb8+ Kc5 0-1